Introduction to System Analysis and Design : A Structured Approach /
Spremljeno u:
| Glavni autor: | |
|---|---|
| Format: | Sách giấy |
| Jezik: | English |
| Izdano: |
Chicago :
Irwin,
1996.
|
| Oznake: |
Dodaj oznaku
Bez oznaka, Budi prvi tko označuje ovaj zapis!
|
| Thư viện lưu trữ: | Thư viện Trường Đại học Đà Lạt |
|---|
| LEADER | 00612nam a2200253 4500 | ||
|---|---|---|---|
| 001 | DLU020000168 | ||
| 005 | ##19980911 | ||
| 040 | # | # | |a DLU |b vie |
| 041 | # | # | |a eng |
| 044 | # | # | |a us |
| 082 | # | # | |a 004.21 |b KE-P |
| 100 | # | # | |a Kendall, Penny A. |
| 245 | # | # | |a Introduction to System Analysis and Design : |b A Structured Approach / |c Penny A. Kendall. |
| 260 | # | # | |a Chicago : |b Irwin, |c 1996. |
| 300 | # | # | |a x, 686 tr. ; |c 24 cm. |
| 992 | # | # | |a 319800 |
| 994 | # | # | |a DLU |
| 900 | # | # | |a False |
| 911 | # | # | |a Administrator |
| 925 | # | # | |a G |
| 926 | # | # | |a A |
| 927 | # | # | |a SH |
| 980 | # | # | |a Thư viện Trường Đại học Đà Lạt |